Cargando…

Parthenium weed : biology, ecology and management /

This book explores the most important aspects of the biology, ecology and management of ""the world's worst weed"". Covering its mode of spread and its impacts upon agricultural production, the environment and human health, it also reviews management techniques, the possible...

Descripción completa

Detalles Bibliográficos
Clasificación:Libro Electrónico
Otros Autores: Adkins, Steve W. (Editor ), Shabbir, Asad (Editor ), Dhileepan, Kunjithapatham (Editor )
Formato: Electrónico eBook
Idioma:Inglés
Publicado: Boston, MA : CABI, 2018.
Colección:CABI invasive species series ; 11.
Temas:
Acceso en línea:Texto completo

MARC

LEADER 00000cam a2200000 i 4500
001 EBOOKCENTRAL_on1047526041
003 OCoLC
005 20240329122006.0
006 m o d
007 cr |||||||||||
008 180728s2018 mau ob 001 0 eng
010 |a  2018036169 
040 |a DLC  |b eng  |e rda  |e pn  |c DLC  |d OCLCF  |d UIU  |d EBLCP  |d MERUC  |d YDX  |d NZHMA  |d CUY  |d UKMGB  |d AGL  |d CUV  |d UKAHL  |d N$T  |d UWK  |d K6U  |d DLC  |d OCLCO  |d OCLCQ  |d OCLCO  |d OCLCL 
015 |a GBB931486  |2 bnb 
016 7 |a 019194337  |2 Uk 
019 |a 1080348056  |a 1084805598  |a 1104142191  |a 1166058311 
020 |a 9781786392060  |q (epub) 
020 |a 1786392062 
020 |a 9781780645261  |q (ePDF) 
020 |a 1780645260 
020 |z 9781780645254  |q (hbk. ;  |q alk. paper) 
020 |z 1780645252  |q (hbk. ;  |q alk. paper) 
029 1 |a AU@  |b 000063696921 
029 1 |a UKMGB  |b 019194337 
035 |a (OCoLC)1047526041  |z (OCoLC)1080348056  |z (OCoLC)1084805598  |z (OCoLC)1104142191  |z (OCoLC)1166058311 
042 |a pcc 
050 0 0 |a QK495.C74 
070 0 |a QK495.C74  |b P37 2018 
082 0 0 |a 632/.52  |2 23 
049 |a UAMI 
245 0 0 |a Parthenium weed :  |b biology, ecology and management /  |c edited by Steve Adkins, Asad Shabbir and Kunjithapatham Dhileepan. 
264 1 |a Boston, MA :  |b CABI,  |c 2018. 
300 |a 1 online resource 
336 |a text  |b txt  |2 rdacontent 
337 |a computer  |b c  |2 rdamedia 
338 |a online resource  |b cr  |2 rdacarrier 
490 1 |a CABI invasives series ;  |v 11 
504 |a Includes bibliographical references and index. 
588 0 |a Print version record and CIP data provided by publisher. 
505 0 |a Half Title; Title; Copyright; Contents; Contributors; 1 An Introduction to the 'Demon Plant' Parthenium Weed; 2 Biology and Ecology; 3 Spread; 4 Interference and Impact of Parthenium Weed on Agriculture; 5 Impacts on the Environment; 6 Impact of Parthenium Weed on Human and Animal Health; 7 Biological Control; 8 Management: Physical, Cultural, Chemical; 9 Coordination of Management; 10 Parthenium Weed: Uses and Abuses; 11 History and Management -- Australia and Pacific; 12 History and Management -- Southern Asia; 13 History and Management -- East and South-east Asia 
505 8 |a 14 History and Management -- Southern Africa and Western Indian Ocean Islands15 History and Management -- East and North Africa, and the Middle East; 16 Conclusions; Index; A; B; C; D; E; F; G; H; I; J; K; L; M; N; O; P; Q; R; S; T; U; V; W; X; Y; Z 
520 |a This book explores the most important aspects of the biology, ecology and management of ""the world's worst weed"". Covering its mode of spread and its impacts upon agricultural production, the environment and human health, it also reviews management techniques, the possible uses of Parthenium weed, its distribution and the impacts of climate change 
590 |a ProQuest Ebook Central  |b Ebook Central Academic Complete 
650 0 |a Parthenium. 
650 0 |a Parthenium  |x Control. 
650 6 |a Parthenium. 
650 6 |a Parthenium  |x Lutte contre. 
650 7 |a Agriculture.  |2 cabt 
650 7 |a Allelopathy.  |2 cabt 
650 7 |a Animal health.  |2 cabt 
650 7 |a Biological control.  |2 cabt 
650 7 |a Chemical control.  |2 cabt 
650 7 |a Cultural control.  |2 cabt 
650 7 |a Environmental impact.  |2 cabt 
650 7 |a Forests.  |2 cabt 
650 7 |a Genetic analysis.  |2 cabt 
650 7 |a Geographical distribution.  |2 cabt 
650 7 |a History.  |2 cabt 
650 7 |a Human diseases.  |2 cabt 
650 7 |a Introduced species.  |2 cabt 
650 7 |a Introduction.  |2 cabt 
650 7 |a Invasions.  |2 cabt 
650 7 |a Invasive alien species.  |2 cabt 
650 7 |a Invasive species.  |2 cabt 
650 7 |a Natural enemies.  |2 cabt 
650 7 |a Plant ecology.  |2 cabt 
650 7 |a Weed control.  |2 cabt 
650 7 |a Weed utilization.  |2 cabt 
650 7 |a Weeds.  |2 cabt 
650 7 |a Parthenium  |2 fast 
700 1 |a Adkins, Steve W.,  |e editor. 
700 1 |a Shabbir, Asad,  |e editor. 
700 1 |a Dhileepan, Kunjithapatham,  |e editor. 
758 |i has work:  |a Parthenium weed (Text)  |1 https://id.oclc.org/worldcat/entity/E39PCFRJBfyxDfBQCVX9DjMYxC  |4 https://id.oclc.org/worldcat/ontology/hasWork 
776 0 8 |i Print version:  |t Parthenium weed.  |d Boston, MA : CABI, 2018  |z 9781780645254  |w (DLC) 2018027226 
830 0 |a CABI invasive species series ;  |v 11. 
856 4 0 |u https://ebookcentral.uam.elogim.com/lib/uam-ebooks/detail.action?docID=5622039  |z Texto completo 
938 |a Askews and Holts Library Services  |b ASKH  |n AH34990760 
938 |a ProQuest Ebook Central  |b EBLB  |n EBL5622039 
938 |a EBSCOhost  |b EBSC  |n 2415943 
938 |a YBP Library Services  |b YANK  |n 15906474 
938 |a YBP Library Services  |b YANK  |n 16453809 
994 |a 92  |b IZTAP